Soviet Justice (Record no. 1364205)

MARC details
000 -LEADER
fixed length control field 00658nam a2200289Ia 4500
008 - FIXED-LENGTH DATA ELEMENTS--GENERAL INFORMATION
fixed length control field 160321s9999||||xx |||||||||||||| ||und||
040 ## - CATALOGING SOURCE
Transcribing agency English
082 ## - DEWEY DECIMAL CLASSIFICATION NUMBER
Classification number XI.F/Collard
082 ## - DEWEY DECIMAL CLASSIFICATION NUMBER
Item number BORI-52620
100 ## - MAIN ENTRY--PERSONAL NAME
Personal name Dudley Collard
245 ## - TITLE STATEMENT
Title Soviet Justice
260 ## - PUBLICATION, DISTRIBUTION, ETC. (IMPRINT)
Place of publication, distribution, etc London
260 ## - PUBLICATION, DISTRIBUTION, ETC. (IMPRINT)
Name of publisher, distributor, etc Victor Gollance
260 ## - PUBLICATION, DISTRIBUTION, ETC. (IMPRINT)
Date of publication, distribution, etc 1937
300 ## - PHYSICAL DESCRIPTION
Extent 208
300 ## - PHYSICAL DESCRIPTION
Dimensions A
300 ## - PHYSICAL DESCRIPTION
Accompanying material Hardbound
530 ## - ADDITIONAL PHYSICAL FORM AVAILABLE NOTE
Uniform Resource Identifier <a href="00006253.pdf">00006253.pdf</a>
563 ## - BINDING INFORMATION
Binding note Study
600 ## - SUBJECT ADDED ENTRY--PERSONAL NAME
Personal name Dudley Collard
630 ## - SUBJECT ADDED ENTRY--UNIFORM TITLE
Uniform title Soviet Justice
650 ## - SUBJECT ADDED ENTRY--TOPICAL TERM
Topical term or geographic name as entry element English Literature
650 ## - SUBJECT ADDED ENTRY--TOPICAL TERM
Topical term or geographic name as entry element General Indology
700 ## - ADDED ENTRY--PERSONAL NAME
Personal name Dudley Collard
730 ## - ADDED ENTRY--UNIFORM TITLE
Uniform title Soviet Justice
942 ## - ADDED ENTRY ELEMENTS (KOHA)
Koha item type Book
Holdings
Withdrawn status Lost status Damaged status Not for loan Home library Current library Date acquired Total Checkouts Full call number Barcode Date last seen Price effective from Koha item type
        Bhandarkar Oriental Research Institute, Pune Bhandarkar Oriental Research Institute, Pune 08/30/1986   BORI-52620 BORI-52620 03/21/2016 03/21/2016 Book